| 000 | 01415 a2200241 4500 | ||
|---|---|---|---|
| 003 | Nust | ||
| 005 | 20170207154030.0 | ||
| 010 | _a 2002032425 | ||
| 020 | _a0471204889 (alk. paper) | ||
| 040 | _cNust | ||
| 082 | 0 | 0 | _a910.285 |
| 100 | 1 | _aHarmon, John E. | |
| 245 | 1 | 4 |
_aThe design and implementation of geographic information systems - (E-BOOK) _cJohn E. Harmon and Steven J. Anderson. |
| 260 |
_aHoboken, N.J. : _bJ. Wiley, _cc2003. |
||
| 300 |
_aviii, 264 p. ; _bill. ; _c25 cm. |
||
| 505 | _aIntroduction (Page-1) Before Design Needs Assessment and Requirements Analysis (Page-13) Designing the GIS Database Schema (Page-47) Designing Spatial Data (Page-69) Design Issues for Attribute Data (Page-127) Remotely Sensed Data as Background Layers and Data Sources (Page-147) Implementation Data Development and Conversion (Page-169) Implementation Selecting Hardware and Software (Page-183) Designing the Organization for GIS (Page-201) Early Management Concerns Interacting with the System (Page-217) | ||
| 650 | 0 | _aGeographic information systems. | |
| 651 | _aE-BOOK | ||
| 700 | 1 |
_aAnderson, Steven J., _d1964- |
|
| 856 | 4 | 2 |
_3Contributor biographical information _uhttp://www.loc.gov/catdir/bios/wiley043/2002032425.html |
| 856 | 4 | 2 |
_3Publisher description _uhttp://www.loc.gov/catdir/description/wiley036/2002032425.html |
| 856 | 4 | 2 |
_3Table of contents _uhttp://www.loc.gov/catdir/toc/wiley031/2002032425.html |
| 942 |
_2ddc _cBK |
||
| 999 |
_c192116 _d192116 |
||